| 000 | 00616nam a2200205 4500 | ||
|---|---|---|---|
| 001 | 21404 | ||
| 003 | ES-MaACL | ||
| 005 | 20240127062956.0 | ||
| 007 | t| | ||
| 008 | 021125s1977 sp |||| | spa d | ||
| 080 | _a347.72.023 | ||
| 100 | 1 |
_aAlborch, Carmen, _d1947-2018 _9145969 |
|
| 245 | 1 | 3 |
_aEl derecho de voto del accionista / _cCarmen Alborch Bataller ; prólogo de Manuel Broseta Pont. |
| 260 |
_aMadrid : _bTecnos, _c1977. |
||
| 300 |
_a435 p. ; _c21 cm. |
||
| 650 | 4 |
_aAccionistas. _9145971 |
|
| 700 | 1 |
_aBroseta Pont, Manuel. _931932 |
|
| 852 |
_aES-MaACL _jC-8436 |
||
| 999 |
_c21404 _d21404 |
||